[Event "Russian Blitz Championship (w)"]
[Site "Sochi"]
[Date "2022.10.14"]
[Round "2.1"]
[White "Shuvalova, Polina"]
[Black "Fominykh, Maria"]
[Result "0-1"]
[BlackElo "2086"]
[WhiteElo "2392"]
[LiveChessVersion "1.4.8"]

1. d4 {[%clk 0:03:03]} Nf6 {[%clk 0:03:03]} 2. Nf3 {[%clk 0:03:04]} g6
{[%clk 0:03:04]} 3. Bg5 {[%clk 0:03:05]} Bg7 {[%clk 0:03:04]} 4. Nbd2
{[%clk 0:03:06]} d6 {[%clk 0:03:01]} 5. c3 {[%clk 0:03:07]} Nbd7 {[%clk 0:03:01]}
6. e4 {[%clk 0:03:07]} h6 {[%clk 0:03:01]} 7. Bh4 {[%clk 0:03:07]} e5
{[%clk 0:03:00]} 8. Bd3 {[%clk 0:03:06]} c6 {[%clk 0:03:00]} 9. O-O
{[%clk 0:03:06]} Qc7 {[%clk 0:02:56]} 10. h3 {[%clk 0:03:06]} Nh5
{[%clk 0:02:46]} 11. dxe5 {[%clk 0:03:03]} dxe5 {[%clk 0:02:43]} 12. Be2
{[%clk 0:03:00]} Nf4 {[%clk 0:02:32]} 13. Nc4 {[%clk 0:02:55]} Nxe2+
{[%clk 0:02:21]} 14. Qxe2 {[%clk 0:02:56]} b5 {[%clk 0:02:21]} 15. Ne3
{[%clk 0:02:55]} O-O {[%clk 0:02:07]} 16. Rfd1 {[%clk 0:02:56]} Nf6
{[%clk 0:01:46]} 17. Nd2 {[%clk 0:02:56]} Be6 {[%clk 0:01:17]} 18. a4
{[%clk 0:02:56]} a6 {[%clk 0:01:17]} 19. Bg3 {[%clk 0:02:52]} Nh5
{[%clk 0:01:15]} 20. Bh2 {[%clk 0:02:52]} Nf4 {[%clk 0:01:13]} 21. Qf1
{[%clk 0:02:44]} Rad8 {[%clk 0:01:04]} 22. axb5 {[%clk 0:02:45]} axb5
{[%clk 0:01:05]} 23. b4 {[%clk 0:02:03]} Rd7 {[%clk 0:01:03]} 24. Nf3
{[%clk 0:02:02]} Rfd8 {[%clk 0:00:44]} 25. Bg3 {[%clk 0:01:59]} Kh7
{[%clk 0:00:27]} 26. Bh4 {[%clk 0:01:56]} Rxd1 {[%clk 0:00:14]} 27. Rxd1
{[%clk 0:01:55]} Rd7 {[%clk 0:00:12]} 28. Ng4 {[%clk 0:01:42]} Bxg4
{[%clk 0:00:12]} 29. hxg4 {[%clk 0:01:43]} Ne6 {[%clk 0:00:06]} 30. Bg3
{[%clk 0:01:40]} f6 {[%clk 0:00:05]} 31. Rd3 {[%clk 0:01:36]} Qd8
{[%clk 0:00:06]} 32. Rxd7 {[%clk 0:01:34]} Qxd7 {[%clk 0:00:07]} 33. Qe2
{[%clk 0:01:34]} Bf8 {[%clk 0:00:08]} 34. Kh2 {[%clk 0:01:28]} c5
{[%clk 0:00:09]} 35. bxc5 {[%clk 0:01:20]} Nxc5 {[%clk 0:00:10]} 36. Ne1
{[%clk 0:01:13]} Na4 {[%clk 0:00:05]} 37. Qf3 {[%clk 0:01:07]} Qc6
{[%clk 0:00:05]} 38. Bxe5 {[%clk 0:01:01]} fxe5 {[%clk 0:00:05]} 39. Qxf8
{[%clk 0:01:02]} Nxc3 {[%clk 0:00:04]} 40. Qf7+ {[%clk 0:01:03]} Kh8
{[%clk 0:00:05]} 41. Qf8+ {[%clk 0:00:54]} Kh7 42. Qe7+ {[%clk 0:00:53]} Kg8
{[%clk 0:00:06]} 43. Nd3 {[%clk 0:00:46]} Qxe4 {[%clk 0:00:04]} 44. Qe8+
{[%clk 0:00:36]} Kg7 {[%clk 0:00:03]} 45. Nxe5 {[%clk 0:00:36]} Qf4+
{[%clk 0:00:03]} 46. Kh3 {[%clk 0:00:36]} Ne4 {[%clk 0:00:03]} 47. Qxg6+
{[%clk 0:00:32]} Kf8 {[%clk 0:00:04]} 48. Qf5+ {[%clk 0:00:13]} Qxf5
{[%clk 0:00:05]} 49. gxf5 {[%clk 0:00:15]} Nd6 {[%clk 0:00:05]} 50. Nc6
{[%clk 0:00:16]} Kf7 {[%clk 0:00:06]} 51. g4 {[%clk 0:00:16]} Kf6
{[%clk 0:00:07]} 52. Nd4 {[%clk 0:00:07]} b4 {[%clk 0:00:08]} 53. Nb3
{[%clk 0:00:08]} Nb5 {[%clk 0:00:07]} 54. Nc5 {[%clk 0:00:08]} Nc3
{[%clk 0:00:07]} 55. Nd7+ {[%clk 0:00:07]} Ke7 {[%clk 0:00:07]} 56. Nc5
{[%clk 0:00:08]} Kf6 {[%clk 0:00:08]} 57. Nd7+ {[%clk 0:00:06]} Ke7
{[%clk 0:00:09]} 58. Nc5 {[%clk 0:00:07]} Kf6 {[%clk 0:00:09]} 59. Nb3
{[%clk 0:00:08]} Kg5 {[%clk 0:00:09]} 60. Nd4 {[%clk 0:00:10]} Kf6
{[%clk 0:00:10]} 0-1

[Event "Russian Blitz Championship (w)"]
[Site "Sochi"]
[Date "2022.10.14"]
[Round "2.2"]
[White "Bogumil, Tatiana"]
[Black "Gunina, Valentina"]
[Result "0-1"]
[BlackElo "2376"]
[WhiteElo "2082"]
[LiveChessVersion "1.4.8"]

1. Nf3 {[%clk 0:03:02]} d5 {[%clk 0:03:03]} 2. c4 {[%clk 0:03:04]} c6
{[%clk 0:03:03]} 3. b3 {[%clk 0:03:05]} Nf6 {[%clk 0:03:03]} 4. Bb2
{[%clk 0:03:06]} Bg4 {[%clk 0:03:03]} 5. Ne5 {[%clk 0:03:03]} Bh5
{[%clk 0:03:03]} 6. g3 {[%clk 0:03:03]} e6 {[%clk 0:03:03]} 7. Bg2
{[%clk 0:03:04]} Nbd7 {[%clk 0:03:03]} 8. Nxd7 {[%clk 0:02:48]} Qxd7
{[%clk 0:03:02]} 9. O-O {[%clk 0:02:45]} Bc5 {[%clk 0:03:01]} 10. d4
{[%clk 0:02:17]} Be7 {[%clk 0:03:00]} 11. Nd2 {[%clk 0:01:56]} O-O
{[%clk 0:02:59]} 12. Nf3 {[%clk 0:01:50]} a5 {[%clk 0:02:59]} 13. Ne5
{[%clk 0:01:46]} Qc7 {[%clk 0:02:59]} 14. Qc2 {[%clk 0:01:32]} a4
{[%clk 0:03:00]} 15. Bc3 {[%clk 0:01:17]} Rfb8 {[%clk 0:02:29]} 16. c5
{[%clk 0:01:11]} Nd7 {[%clk 0:02:23]} 17. Nxd7 {[%clk 0:00:55]} Qxd7
{[%clk 0:02:23]} 18. b4 {[%clk 0:00:37]} b6 {[%clk 0:02:18]} 19. cxb6
{[%clk 0:00:31]} a3 {[%clk 0:02:10]} 20. Qd2 {[%clk 0:00:22]} Rxb6
{[%clk 0:02:09]} 21. Rab1 {[%clk 0:00:19]} Bg6 {[%clk 0:02:08]} 22. Rb3
{[%clk 0:00:20]} Qb7 {[%clk 0:02:00]} 23. Qc1 {[%clk 0:00:18]} Qa6
{[%clk 0:01:59]} 24. Re1 {[%clk 0:00:18]} h5 {[%clk 0:01:53]} 25. h4
{[%clk 0:00:19]} Qa4 {[%clk 0:01:40]} 26. e4 {[%clk 0:00:11]} Bxb4
{[%clk 0:01:37]} 27. Bxb4 {[%clk 0:00:11]} Rxb4 {[%clk 0:01:38]} 28. Rxb4
{[%clk 0:00:11]} Qxb4 {[%clk 0:01:39]} 29. Rd1 {[%clk 0:00:07]} Qa4
{[%clk 0:00:58]} 30. f3 {[%clk 0:00:04]} Rd8 {[%clk 0:00:54]} 31. e5
{[%clk 0:00:04]} Rb8 {[%clk 0:00:53]} 32. Kh2 0-1

[Event "Russian Blitz Championship (w)"]
[Site "Sochi"]
[Date "2022.10.14"]
[Round "2.3"]
[White "Bodnaruk, Anastasia"]
[Black "Nasyrova, Ekaterina"]
[Result "1-0"]
[BlackElo "2075"]
[WhiteElo "2332"]
[LiveChessVersion "1.4.8"]

1. e4 {[%clk 0:03:02]} e5 {[%clk 0:03:03]} 2. Nf3 {[%clk 0:03:03]} Nc6
{[%clk 0:03:04]} 3. Bb5 {[%clk 0:03:04]} Nf6 {[%clk 0:03:04]} 4. d3
{[%clk 0:03:02]} Bc5 {[%clk 0:03:04]} 5. c3 {[%clk 0:02:59]} O-O {[%clk 0:03:03]}
6. O-O {[%clk 0:02:54]} d6 {[%clk 0:03:03]} 7. Bg5 {[%clk 0:02:35]} h6
{[%clk 0:02:37]} 8. Bh4 {[%clk 0:02:36]} Bb6 {[%clk 0:02:38]} 9. Nbd2
{[%clk 0:02:30]} Bg4 {[%clk 0:02:01]} 10. h3 {[%clk 0:02:10]} Bd7
{[%clk 0:01:47]} 11. Ba4 {[%clk 0:02:01]} g5 {[%clk 0:01:32]} 12. Nxg5
{[%clk 0:01:34]} hxg5 13. Bxg5 Kg7 {[%clk 0:01:32]} 14. Qf3 {[%clk 0:01:37]} Rh8
{[%clk 0:00:48]} 15. Nc4 {[%clk 0:01:20]} Kg6 {[%clk 0:00:39]} 16. h4
{[%clk 0:01:06]} Bg4 {[%clk 0:00:15]} 17. Qg3 {[%clk 0:01:08]} Qd7
{[%clk 0:00:11]} 18. Ne3 {[%clk 0:00:43]} Be6 {[%clk 0:00:07]} 19. Bxf6+
{[%clk 0:00:41]} Qd8 1-0

[Event "Russian Blitz Championship (w)"]
[Site "Sochi"]
[Date "2022.10.14"]
[Round "2.4"]
[White "Loskutova, Viktoriya"]
[Black "Pogonina, Natalija"]
[Result "0-1"]
[BlackElo "2332"]
[WhiteElo "2056"]
[LiveChessVersion "1.4.8"]

1. e4 {[%clk 0:03:03]} e5 {[%clk 0:03:02]} 2. Nf3 {[%clk 0:03:04]} Nc6
{[%clk 0:03:03]} 3. Bb5 {[%clk 0:03:04]} a6 {[%clk 0:03:03]} 4. Ba4
{[%clk 0:03:05]} Nf6 {[%clk 0:03:03]} 5. O-O {[%clk 0:03:05]} Be7
{[%clk 0:03:04]} 6. Re1 {[%clk 0:03:04]} b5 {[%clk 0:03:03]} 7. Bb3
{[%clk 0:03:04]} d6 {[%clk 0:03:03]} 8. c3 {[%clk 0:03:05]} O-O {[%clk 0:03:03]}
9. h3 {[%clk 0:03:05]} Na5 {[%clk 0:03:00]} 10. Bc2 {[%clk 0:03:05]} c5
{[%clk 0:03:01]} 11. d4 {[%clk 0:03:06]} Qc7 {[%clk 0:03:01]} 12. Nbd2
{[%clk 0:03:04]} cxd4 {[%clk 0:02:59]} 13. cxd4 {[%clk 0:03:04]} Nc6
{[%clk 0:03:00]} 14. a3 {[%clk 0:03:01]} exd4 {[%clk 0:02:37]} 15. Nb3
{[%clk 0:03:01]} Re8 {[%clk 0:02:33]} 16. Nbxd4 {[%clk 0:02:59]} Nxd4
{[%clk 0:02:31]} 17. Nxd4 {[%clk 0:03:00]} Bd7 {[%clk 0:02:19]} 18. Bf4
{[%clk 0:02:40]} Bf8 {[%clk 0:02:17]} 19. Rc1 {[%clk 0:02:31]} Qb7
{[%clk 0:02:11]} 20. f3 {[%clk 0:01:56]} h6 {[%clk 0:02:05]} 21. Kh1
{[%clk 0:01:37]} Rac8 {[%clk 0:02:02]} 22. Bb1 {[%clk 0:01:31]} Rc5
{[%clk 0:01:45]} 23. b4 {[%clk 0:01:01]} Rxc1 {[%clk 0:01:43]} 24. Qxc1
{[%clk 0:01:01]} Qb6 {[%clk 0:01:26]} 25. Qd2 {[%clk 0:00:54]} Rc8
{[%clk 0:01:21]} 26. Nb3 {[%clk 0:00:44]} Be6 {[%clk 0:01:12]} 27. Na5
{[%clk 0:00:35]} Nd7 {[%clk 0:01:05]} 28. Rc1 {[%clk 0:00:29]} Rxc1+
{[%clk 0:00:58]} 29. Qxc1 {[%clk 0:00:29]} Ne5 {[%clk 0:00:51]} 30. Qc3
{[%clk 0:00:22]} Qf2 {[%clk 0:00:39]} 31. Bxe5 {[%clk 0:00:21]} dxe5
{[%clk 0:00:33]} 32. Bd3 {[%clk 0:00:17]} Qg3 {[%clk 0:00:26]} 33. Bf1
{[%clk 0:00:14]} Be7 {[%clk 0:00:17]} 34. Nc6 {[%clk 0:00:10]} Bg5
{[%clk 0:00:16]} 35. Kg1 {[%clk 0:00:08]} Bf4 {[%clk 0:00:15]} 36. Nd8
{[%clk 0:00:06]} Bc4 {[%clk 0:00:12]} 37. Bxc4 {[%clk 0:00:05]} bxc4
{[%clk 0:00:13]} 38. Nc6 {[%clk 0:00:04]} h5 {[%clk 0:00:09]} 39. Ne7+
{[%clk 0:00:04]} Kh7 {[%clk 0:00:07]} 40. Nd5 {[%clk 0:00:05]} Qh2+
{[%clk 0:00:08]} 41. Kf1 {[%clk 0:00:06]} Bg3 {[%clk 0:00:07]} 42. Ne3
{[%clk 0:00:06]} Qh1+ {[%clk 0:00:08]} 43. Ke2 {[%clk 0:00:07]} Bf4
{[%clk 0:00:06]} 44. Qxc4 {[%clk 0:00:06]} Qg1 {[%clk 0:00:04]} 45. Qd3
{[%clk 0:00:06]} Bxe3 {[%clk 0:00:04]} 46. Qxe3 {[%clk 0:00:06]} Qxg2+
{[%clk 0:00:05]} 47. Qf2 {[%clk 0:00:05]} Qxh3 {[%clk 0:00:05]} 48. a4
{[%clk 0:00:06]} Qe6 {[%clk 0:00:05]} 49. a5 {[%clk 0:00:04]} Qc4+
{[%clk 0:00:05]} 50. Ke1 {[%clk 0:00:04]} Qxb4+ {[%clk 0:00:06]} 51. Kf1
{[%clk 0:00:03]} Qxa5 {[%clk 0:00:07]} 52. Qh4 {[%clk 0:00:04]} g6
{[%clk 0:00:06]} 53. Qe7 {[%clk 0:00:05]} Qb5+ 54. Kg2 {[%clk 0:00:04]} Qc4
{[%clk 0:00:04]} 55. Qa7 {[%clk 0:00:04]} Kg7 {[%clk 0:00:05]} 56. Qb7
{[%clk 0:00:04]} Qb5 {[%clk 0:00:05]} 57. Qc7 {[%clk 0:00:04]} a5
{[%clk 0:00:07]} 58. Qc3 {[%clk 0:00:04]} a4 {[%clk 0:00:08]} 59. Qc7
{[%clk 0:00:03]} a3 {[%clk 0:00:08]} 60. Qa7 Qb2+ 0-1

[Event "Russian Blitz Championship (w)"]
[Site "Sochi"]
[Date "2022.10.14"]
[Round "2.5"]
[White "Girya, Olga"]
[Black "Nur-Mukhametova, Alisa"]
[Result "1-0"]
[BlackElo "2052"]
[WhiteElo "2298"]
[LiveChessVersion "1.4.8"]

1. d4 {[%clk 0:03:03]} Nf6 {[%clk 0:03:03]} 2. Nf3 {[%clk 0:03:04]} e6
{[%clk 0:03:02]} 3. c4 {[%clk 0:03:05]} d5 {[%clk 0:02:58]} 4. Nc3
{[%clk 0:03:06]} dxc4 {[%clk 0:02:57]} 5. e3 {[%clk 0:03:07]} a6 {[%clk 0:02:54]}
6. Bxc4 {[%clk 0:03:05]} b5 {[%clk 0:02:55]} 7. Be2 {[%clk 0:02:57]} Nbd7
{[%clk 0:02:55]} 8. O-O {[%clk 0:02:56]} c5 {[%clk 0:02:53]} 9. d5
{[%clk 0:02:56]} Nb6 {[%clk 0:02:52]} 10. dxe6 {[%clk 0:02:43]} Bxe6
{[%clk 0:02:46]} 11. a4 {[%clk 0:02:32]} b4 {[%clk 0:01:56]} 12. a5
{[%clk 0:02:33]} Nbd5 {[%clk 0:01:37]} 13. Nxd5 {[%clk 0:02:29]} Bxd5
{[%clk 0:01:28]} 14. Qa4+ {[%clk 0:02:16]} Qd7 {[%clk 0:01:24]} 15. Qxd7+
{[%clk 0:02:12]} Kxd7 {[%clk 0:00:42]} 16. Rd1 {[%clk 0:02:13]} Kc7
{[%clk 0:00:17]} 17. e4 {[%clk 0:01:52]} Bxe4 {[%clk 0:00:06]} 18. Bf4+
{[%clk 0:01:53]} Kb7 {[%clk 0:00:06]} 19. Bc4 {[%clk 0:01:51]} Bxf3
{[%clk 0:00:03]} 20. gxf3 {[%clk 0:01:51]} Be7 {[%clk 0:00:04]} 21. Bxf7
{[%clk 0:01:35]} Rad8 {[%clk 0:00:05]} 22. Bc4 {[%clk 0:01:29]} Rhf8
{[%clk 0:00:04]} 23. Kg2 {[%clk 0:00:54]} Rxd1 {[%clk 0:00:04]} 24. Rxd1
{[%clk 0:00:55]} Rd8 {[%clk 0:00:06]} 25. Re1 {[%clk 0:00:53]} Bf8
{[%clk 0:00:07]} 26. Re6 {[%clk 0:00:53]} Nd5 {[%clk 0:00:04]} 27. Bxa6+
{[%clk 0:00:46]} Ka7 {[%clk 0:00:04]} 28. Bg3 {[%clk 0:00:38]} h5
{[%clk 0:00:05]} 29. Bc4 {[%clk 0:00:39]} h4 {[%clk 0:00:04]} 30. Be5
{[%clk 0:00:39]} Ne7 {[%clk 0:00:03]} 31. Bxg7 {[%clk 0:00:33]} Nf5
{[%clk 0:00:04]} 32. Bxf8 {[%clk 0:00:29]} Rxf8 {[%clk 0:00:05]} 33. a6
{[%clk 0:00:27]} Rd8 {[%clk 0:00:03]} 34. Rf6 {[%clk 0:00:27]} Nd4
{[%clk 0:00:03]} 35. Rf7+ {[%clk 0:00:29]} Kb6 {[%clk 0:00:04]} 36. Rb7+
{[%clk 0:00:28]} Kc6 {[%clk 0:00:05]} 37. Rh7 {[%clk 0:00:27]} Nf5
{[%clk 0:00:03]} 38. Rh5 {[%clk 0:00:20]} Nd4 {[%clk 0:00:04]} 39. Rxh4
{[%clk 0:00:19]} Ra8 {[%clk 0:00:03]} 40. Rh6+ {[%clk 0:00:19]} Kc7
{[%clk 0:00:03]} 41. Bd5 {[%clk 0:00:20]} 1-0

[Event "Russian Blitz Championship (w)"]
[Site "Sochi"]
[Date "2022.10.14"]
[Round "2.6"]
[White "Yurasova, Daria"]
[Black "Guseva, Marina"]
[Result "0-1"]
[BlackElo "2273"]
[WhiteElo "2044"]
[LiveChessVersion "1.4.8"]

1. b3 {[%clk 0:03:02]} d5 {[%clk 0:03:02]} 2. Bb2 {[%clk 0:03:02]} Bf5
{[%clk 0:03:01]} 3. Nf3 {[%clk 0:03:01]} e6 {[%clk 0:03:02]} 4. e3
{[%clk 0:03:02]} h6 {[%clk 0:03:03]} 5. c4 {[%clk 0:03:00]} c6 {[%clk 0:03:03]}
6. Be2 {[%clk 0:03:00]} Nd7 {[%clk 0:03:04]} 7. O-O {[%clk 0:02:59]} Ngf6
{[%clk 0:03:05]} 8. d3 {[%clk 0:03:00]} Be7 {[%clk 0:03:01]} 9. Nbd2
{[%clk 0:03:01]} O-O {[%clk 0:02:59]} 10. a3 {[%clk 0:03:00]} a5 {[%clk 0:02:59]}
11. Re1 {[%clk 0:02:58]} Bh7 {[%clk 0:02:59]} 12. Rc1 {[%clk 0:02:53]} Re8
{[%clk 0:02:59]} 13. Bf1 {[%clk 0:02:53]} Bc5 {[%clk 0:02:53]} 14. h3
{[%clk 0:02:36]} Qe7 {[%clk 0:02:46]} 15. Ra1 {[%clk 0:02:15]} Bb6
{[%clk 0:02:26]} 16. Qc1 {[%clk 0:02:07]} e5 {[%clk 0:02:23]} 17. Bc3
{[%clk 0:02:00]} e4 {[%clk 0:02:19]} 18. dxe4 {[%clk 0:02:00]} dxe4
{[%clk 0:02:20]} 19. Nd4 {[%clk 0:01:59]} Bc7 {[%clk 0:02:19]} 20. Qb2
{[%clk 0:01:35]} Qd6 {[%clk 0:02:04]} 21. g3 {[%clk 0:01:33]} Ne5
{[%clk 0:02:01]} 22. b4 {[%clk 0:01:23]} a4 {[%clk 0:01:57]} 23. c5
{[%clk 0:01:22]} Qe7 {[%clk 0:01:52]} 24. Nc4 {[%clk 0:01:14]} Nd5
{[%clk 0:01:51]} 25. Bd2 {[%clk 0:01:03]} Nd3 {[%clk 0:01:40]} 26. Bxd3
{[%clk 0:00:38]} exd3 {[%clk 0:01:40]} 27. Nf3 {[%clk 0:00:18]} Qe4
{[%clk 0:01:37]} 28. Nd4 {[%clk 0:00:16]} Qg6 {[%clk 0:01:27]} 29. Bc1
{[%clk 0:00:12]} Rad8 {[%clk 0:01:23]} 30. Qd2 {[%clk 0:00:13]} Nf6
{[%clk 0:01:23]} 31. Bb2 {[%clk 0:00:08]} Ne4 {[%clk 0:01:20]} 32. Qxd3
{[%clk 0:00:06]} Bxg3 {[%clk 0:01:20]} 33. Bc1 0-1

[Event "Russian Blitz Championship (w)"]
[Site "Sochi"]
[Date "2022.10.14"]
[Round "2.7"]
[White "Garifullina, Leya"]
[Black "Bulatova, Kamaliya"]
[Result "1-0"]
[BlackElo "2049"]
[WhiteElo "2267"]
[LiveChessVersion "1.4.8"]

1. e4 {[%clk 0:03:02]} Nf6 {[%clk 0:03:03]} 2. e5 {[%clk 0:03:02]} Nd5
{[%clk 0:03:04]} 3. d4 {[%clk 0:03:02]} d6 {[%clk 0:03:05]} 4. c4
{[%clk 0:03:03]} Nb6 {[%clk 0:03:06]} 5. f4 {[%clk 0:03:01]} dxe5
{[%clk 0:03:07]} 6. fxe5 {[%clk 0:03:02]} Nc6 {[%clk 0:03:09]} 7. Be3
{[%clk 0:03:00]} Bf5 {[%clk 0:03:09]} 8. Nc3 {[%clk 0:03:00]} e6 {[%clk 0:03:10]}
9. Nf3 {[%clk 0:02:55]} Bb4 {[%clk 0:03:11]} 10. Be2 {[%clk 0:02:48]} O-O
{[%clk 0:03:09]} 11. O-O {[%clk 0:02:48]} Na5 {[%clk 0:02:57]} 12. c5
{[%clk 0:02:41]} Bxc3 {[%clk 0:02:47]} 13. bxc3 {[%clk 0:02:39]} Nbc4
{[%clk 0:02:36]} 14. Bf2 {[%clk 0:02:08]} b6 {[%clk 0:02:37]} 15. Qa4
{[%clk 0:01:43]} Qd5 {[%clk 0:02:09]} 16. Ng5 {[%clk 0:01:29]} Nd2
{[%clk 0:01:44]} 17. Rfd1 {[%clk 0:01:29]} Ne4 {[%clk 0:01:23]} 18. Nxe4
{[%clk 0:01:12]} Bxe4 {[%clk 0:01:22]} 19. Bf1 {[%clk 0:01:13]} Nb7
{[%clk 0:00:31]} 20. c4 {[%clk 0:00:54]} Qc6 {[%clk 0:00:32]} 21. Qxc6
{[%clk 0:00:47]} Bxc6 {[%clk 0:00:33]} 22. cxb6 {[%clk 0:00:39]} axb6
{[%clk 0:00:32]} 23. d5 {[%clk 0:00:40]} Ba4 {[%clk 0:00:33]} 24. Rd2
{[%clk 0:00:39]} exd5 {[%clk 0:00:20]} 25. cxd5 {[%clk 0:00:39]} Rfe8
{[%clk 0:00:16]} 26. Rc1 {[%clk 0:00:38]} Rxe5 {[%clk 0:00:12]} 27. Rxc7
{[%clk 0:00:39]} Nd6 {[%clk 0:00:08]} 28. Bg3 Ree8 {[%clk 0:00:04]} 29. Bxd6
{[%clk 0:00:40]} g6 {[%clk 0:00:03]} 30. Bg3 {[%clk 0:00:39]} b5 {[%clk 0:00:03]}
31. d6 {[%clk 0:00:40]} Red8 {[%clk 0:00:04]} 32. Bh4 {[%clk 0:00:40]} Rdc8
{[%clk 0:00:05]} 33. Rxc8+ {[%clk 0:00:41]} Rxc8 {[%clk 0:00:06]} 34. d7 1-0

[Event "Russian Blitz Championship (w)"]
[Site "Sochi"]
[Date "2022.10.14"]
[Round "2.8"]
[White "Gvanceladze, Anna"]
[Black "Bivol, Alina"]
[Result "0-1"]
[BlackElo "2264"]
[WhiteElo "2038"]
[LiveChessVersion "1.4.8"]

1. d4 {[%clk 0:03:03]} d5 {[%clk 0:03:03]} 2. Nf3 {[%clk 0:03:04]} Nf6
{[%clk 0:03:04]} 3. c4 {[%clk 0:03:04]} e6 {[%clk 0:03:05]} 4. Nc3
{[%clk 0:03:04]} c5 {[%clk 0:03:03]} 5. cxd5 {[%clk 0:03:02]} cxd4
{[%clk 0:03:04]} 6. Qxd4 {[%clk 0:02:57]} exd5 {[%clk 0:03:04]} 7. Bg5
{[%clk 0:02:48]} Be7 {[%clk 0:03:04]} 8. e3 {[%clk 0:02:46]} O-O {[%clk 0:03:04]}
9. Be2 {[%clk 0:02:34]} Nc6 {[%clk 0:03:04]} 10. Qa4 {[%clk 0:02:33]} Be6
{[%clk 0:02:37]} 11. O-O {[%clk 0:02:29]} Qb6 {[%clk 0:02:34]} 12. Qb5
{[%clk 0:01:57]} Qxb5 {[%clk 0:02:18]} 13. Nxb5 {[%clk 0:01:58]} Rac8
{[%clk 0:02:15]} 14. Rac1 {[%clk 0:01:56]} a6 {[%clk 0:02:10]} 15. Nbd4
{[%clk 0:01:56]} Nxd4 {[%clk 0:01:46]} 16. Nxd4 {[%clk 0:01:56]} Bd7
{[%clk 0:01:46]} 17. Bf3 {[%clk 0:01:41]} Be6 {[%clk 0:01:41]} 18. h3
{[%clk 0:01:22]} h6 {[%clk 0:01:41]} 19. Bf4 {[%clk 0:01:23]} Nd7
{[%clk 0:01:16]} 20. Nxe6 {[%clk 0:01:12]} fxe6 {[%clk 0:01:17]} 21. Bg4
{[%clk 0:01:12]} Kf7 {[%clk 0:01:16]} 22. Rfd1 {[%clk 0:00:51]} Bf6
{[%clk 0:01:05]} 23. b3 {[%clk 0:00:45]} Rfd8 {[%clk 0:00:52]} 24. Kf1
{[%clk 0:00:36]} Nc5 {[%clk 0:00:45]} 25. Bf3 {[%clk 0:00:26]} g5
{[%clk 0:00:42]} 26. Bh2 {[%clk 0:00:24]} Ke7 {[%clk 0:00:43]} 27. Ke2
{[%clk 0:00:13]} a5 {[%clk 0:00:40]} 28. Bg3 {[%clk 0:00:11]} a4 {[%clk 0:00:41]}
29. bxa4 {[%clk 0:00:11]} Nxa4 {[%clk 0:00:40]} 30. Rxc8 {[%clk 0:00:07]} Rxc8
{[%clk 0:00:41]} 31. Rd2 {[%clk 0:00:09]} Rc1 {[%clk 0:00:36]} 32. Bh5
{[%clk 0:00:04]} Bc3 {[%clk 0:00:37]} 33. Rd3 {[%clk 0:00:04]} Nc5
{[%clk 0:00:35]} 34. Rd1 {[%clk 0:00:05]} Rc2+ {[%clk 0:00:36]} 35. Kf3
{[%clk 0:00:06]} b5 {[%clk 0:00:27]} 36. Bg6 {[%clk 0:00:06]} Rxa2
{[%clk 0:00:28]} 37. e4 {[%clk 0:00:07]} d4 {[%clk 0:00:28]} 38. Be5
{[%clk 0:00:05]} Ra4 {[%clk 0:00:24]} 39. Bg7 {[%clk 0:00:05]} Nd7
{[%clk 0:00:22]} 0-1

[Event "Russian Blitz Championship (w)"]
[Site "Sochi"]
[Date "2022.10.14"]
[Round "3.1"]
[White "Gunina, Valentina"]
[Black "Lysenko, Margarita"]
[Result "1-0"]
[BlackElo "2150"]
[WhiteElo "2376"]
[LiveChessVersion "1.4.8"]

1. d4 {[%clk 0:03:01]} Nf6 {[%clk 0:03:02]} 2. c4 {[%clk 0:03:01]} e6
{[%clk 0:03:03]} 3. Nf3 {[%clk 0:03:01]} d5 {[%clk 0:03:04]} 4. Nc3
{[%clk 0:03:02]} dxc4 {[%clk 0:03:02]} 5. e4 {[%clk 0:03:03]} b5 {[%clk 0:03:02]}
6. e5 {[%clk 0:03:03]} Nd5 {[%clk 0:03:02]} 7. Nxb5 {[%clk 0:03:04]} Nb6
{[%clk 0:03:04]} 8. Be2 {[%clk 0:03:04]} Nc6 {[%clk 0:03:02]} 9. Be3
{[%clk 0:03:05]} Be7 {[%clk 0:02:52]} 10. a3 {[%clk 0:03:05]} Rb8
{[%clk 0:02:33]} 11. Nc3 {[%clk 0:03:05]} Bb7 {[%clk 0:02:25]} 12. Qc2
{[%clk 0:03:05]} Na5 {[%clk 0:02:18]} 13. Rd1 {[%clk 0:03:05]} Qd7
{[%clk 0:02:08]} 14. h4 {[%clk 0:03:05]} Bc6 {[%clk 0:01:39]} 15. Kf1
{[%clk 0:03:04]} Na4 {[%clk 0:01:28]} 16. Rb1 {[%clk 0:02:55]} h6
{[%clk 0:01:07]} 17. Nd2 {[%clk 0:02:52]} Nb6 {[%clk 0:00:58]} 18. Rh3
{[%clk 0:02:43]} Ba8 {[%clk 0:00:21]} 19. Rg3 {[%clk 0:02:39]} g6
{[%clk 0:00:21]} 20. Rh3 {[%clk 0:02:26]} Qc6 {[%clk 0:00:14]} 21. Bf3
{[%clk 0:02:22]} Qd7 {[%clk 0:00:14]} 22. Nde4 {[%clk 0:02:10]} Nd5
{[%clk 0:00:12]} 23. Rd1 {[%clk 0:01:52]} Nb3 {[%clk 0:00:05]} 24. Be2
{[%clk 0:01:39]} Na5 {[%clk 0:00:05]} 25. Nc5 {[%clk 0:01:31]} Bxc5
{[%clk 0:00:04]} 26. dxc5 {[%clk 0:01:32]} Nxe3+ {[%clk 0:00:05]} 27. Rxe3
{[%clk 0:01:27]} Qc6 {[%clk 0:00:05]} 28. Ne4 {[%clk 0:01:27]} Kf8
{[%clk 0:00:05]} 29. Qc3 {[%clk 0:01:24]} Qa6 30. Nf6 {[%clk 0:01:21]} Kg7
{[%clk 0:00:05]} 31. Rd7 {[%clk 0:01:15]} Rhd8 {[%clk 0:00:05]} 32. b4
{[%clk 0:01:04]} Nc6 {[%clk 0:00:04]} 33. Bxc4 {[%clk 0:01:04]} Qa4
{[%clk 0:00:05]} 34. Red3 {[%clk 0:00:46]} Rxd7 {[%clk 0:00:06]} 35. Rxd7
{[%clk 0:00:46]} Rd8 {[%clk 0:00:06]} 36. Rxd8 {[%clk 0:00:32]} Nxd8
{[%clk 0:00:07]} 37. Qd3 {[%clk 0:00:31]} Nc6 {[%clk 0:00:04]} 38. f4
{[%clk 0:00:30]} a5 {[%clk 0:00:03]} 39. Bb5 {[%clk 0:00:29]} 1-0